[Event "TUR Cup"]
[Site "Antalya"]
[Date "2020.01.30"]
[Round "7"]
[White "Gunay, Mehmet Eren"]
[Black "Hanci, Ilker"]
[Result "1-0"]
[WhiteElo "1803"]
[BlackElo "1571"]
[PlyCount "61"]
[EventDate "2020.01.26"]
[EventType "swiss"]
[EventRounds "11"]
[EventCountry "TUR"]
[SourceTitle "CBM 194 Extra"]
[Source "ChessBase"]
[SourceDate "2020.03.31"]
[SourceVersion "1"]
[SourceVersionDate "2020.03.31"]
[SourceQuality "1"]

1. d4 Nf6 2. Nf3 g6 3. c4 Bg7 4. Nc3 d5 5. cxd5 Nxd5 6. e4 Nxc3 7. bxc3 0-0 8. h3 c5 9. Be3 Qa5 10. Qd2 Nc6 11. Rc1 Rd8 12. d5 e6 13. c4 Qa3 14. Be2 b6 15. 0-0 Nb4 16. Bg5 f6 17. Bh4 Qxa2 18. Qe3 g5 19. Bg3 e5 20. Ra1 Qc2 21. Rfc1 Qb2 22. Rcb1 Qxa1 23. Rxa1 Nc2 24. Qc3 Nxa1 25. Qxa1 Bf8 26. Nxe5 fxe5 27. Qxe5 h6 28. Qf6 Rd7 29. Bh5 Bg7 30. Qe6+ Kh8 31. Qe8+ 1-0

[Event "TUR Cup										"]
[Site "Antalya"]
[Date "2018.02.02"]
[Round "10"]
[White "Gunay, Mehmet Eren"]
[Black "Ozsoy, Alimert"]
[Result "1/2-1/2"]
[WhiteElo "1739"]
[BlackElo "1998"]
[PlyCount "100"]
[EventDate "2018.01.27"]
[EventType "swiss"]
[EventRounds "11"]
[EventCountry "TUR"]
[SourceTitle "CBM 182 Extra"]
[Source "ChessBase"]
[SourceDate "2018.02.23"]
[SourceVersion "1"]
[SourceVersionDate "2018.02.23"]
[SourceQuality "1"]

1. e4 c6 2. c4 d5 3. exd5 cxd5 4. d4 Nf6 5. Nc3 Nc6 6. Bg5 dxc4 7. d5 Ne5 8. Bxc4 Nxc4 9. Qa4+ Bd7 10. Qxc4 Rc8 11. Qb3 Qa5 12. Nge2 Ne4 13. Be3 Nxc3 14. Nxc3 Qa6 15. a4 e6 16. Nb5 exd5 17. 0-0 Be7 18. Qxd5 Be6 19. Qe5 0-0 20. Nc7 Bd6 21. Nxa6 Bxe5 22. Nc5 Bf5 23. Nxb7 Rb8 24. Na5 Bxb2 25. Nc6 Rb7 26. Rad1 Bc2 27. Rd2 Bxa4 28. Nxa7 Bf6 29. Rc1 Bd7 30. Rdc2 h6 31. Rc7 Rxc7 32. Rxc7 Be6 33. Nc6 Ra8 34. Ra7 Rxa7 35. Bxa7 Bd7 36. Nb4 Kh7 37. Nd5 Be5 38. f4 Bd6 39. g3 Kg6 40. Bd4 f6 41. Kf2 Kf5 42. Ne3+ Ke4 43. Bb6 Be6 44. Nf1 Bb4 45. Ba7 h5 46. h4 Bc4 47. Nh2 Bc3 48. Nf3 Bb3 49. Ng1 Kf5 50. Ne2 Bb2 1/2-1/2

[Event "TUR Cup										"]
[Site "Antalya"]
[Date "2018.01.30"]
[Round "5"]
[White "Gunay, Mehmet Eren"]
[Black "Ikizler, Metin"]
[Result "1-0"]
[WhiteElo "1739"]
[BlackElo "1603"]
[PlyCount "45"]
[EventDate "2018.01.27"]
[EventType "swiss"]
[EventRounds "11"]
[EventCountry "TUR"]
[SourceTitle "CBM 182 Extra"]
[Source "ChessBase"]
[SourceDate "2018.02.23"]
[SourceVersion "1"]
[SourceVersionDate "2018.02.23"]
[SourceQuality "1"]

1. e4 e6 2. d4 d5 3. e5 c5 4. c3 Qb6 5. Nf3 Nc6 6. Bd3 Bd7 7. 0-0 cxd4 8. cxd4 Nxd4 9. Nxd4 Qxd4 10. Nc3 Bb4 11. Nb5 Qxe5 12. Qg4 Bd6 13. Nxd6+ Qxd6 14. Qxg7 0-0-0 15. Qxh8 Bc6 16. Qxh7 Qe7 17. Bf4 Qf6 18. Bg3 Re8 19. Rfe1 Nh6 20. Be5 Qg5 21. h4 Qxh4 22. Bg7 Nf5 23. Bxf5 1-0